LDR 01330nam a2200253 i 4500 001 000000053676 003 CaOOAMICUS 005 20260420121203.0 008 090917s1959 fr u000 u fre u 040 $aSeMil$bita 100 1 $aDaloz, Lucien,$c
.$0(OLS)http://semarc/name/26516 245 13$aLe travail chez les Pères antiochiens :$b(1.re partie: Saint Jean Chrysostome) /$cauctore Luciano Daloz. 264 1$aParis :$b[s.n.],$c1959. 300 $aVIII, 194 p. ;$c23 cm. 500 $aIn mezzo al front.: Excerpta ex dissertatione ad Lauream in Facultate Theologica Pontificiae Universitatis Gregorianae 650 4$aLavoro - Dottrina cristiana.$0(OLS)http://semarc/subject/5369 650 4$aGiovanni : Crisostomo
- Concezione del lavoro.$0(OLS)http://semarc/subject/60019 650 4$aTesi di laurea - Estratti.$0(OLS)http://semarc/subject/58988 710 2 $aPontificia Università Gregoriana
.$0(OLS)http://semarc/name/5 850 $aSeMil 852 $aSeMil$W1$xVenegono$y1$m4Z I 84$j270496$B19830$CSeMilBibl$Z2$F19832 $81 996 $6245$aLe travail chez les Pères antiochiens :$b(1.re partie: Saint Jean Chrysostome)$9(OLS)http://semarc/title/82757 996 $6264$aParis :$b[s.n.]$9(OLS)http://semarc/publisher/30519